EMERGENCY MEDICAL SERVICES SYSTEMS DEVELOPMENT (Record no. 457)

MARC details
000 -LEADER
fixed length control field 00404nam a2200145Ia 4500
008 - FIXED-LENGTH DATA ELEMENTS--GENERAL INFORMATION
fixed length control field 150201s2003 xx 000 0 und d
082 ## - DEWEY DECIMAL CLASSIFICATION NUMBER
Classification number 610.7
Item number E03W
100 ## - MAIN ENTRY--PERSONAL NAME
Personal name WASHINGTON,DC
245 ## - TITLE STATEMENT
Title EMERGENCY MEDICAL SERVICES SYSTEMS DEVELOPMENT
250 ## - EDITION STATEMENT
Edition statement 1ST
260 ## - PUBLICATION, DISTRIBUTION, ETC. (IMPRINT)
Name of publisher, distributor, etc. PAN AMERICAL HEALTH ORGANIZATION
Place of publication, distribution, etc. DELHI
Date of publication, distribution, etc. 203
300 ## - PHYSICAL DESCRIPTION
Extent 1-214
650 ## - SUBJECT ADDED ENTRY--TOPICAL TERM
Topical term or geographic name as entry element OTHER CLINICAL & NON CLINICAL BOOKS
942 ## - ADDED ENTRY ELEMENTS (KOHA)
Source of classification or shelving scheme Dewey Decimal Classification
Koha item type Books
Holdings
Withdrawn status Lost status Source of classification or shelving scheme Damaged status Not for loan Collection code Home library Current library Shelving location Date acquired Source of acquisition Cost, normal purchase price Serial Enumeration / chronology SGTU Bill Number Total Checkouts Full call number Barcode Date last seen Bill Date Koha item type
    Dewey Decimal Classification   Not For Loan MEDICAL SGT Medical Library SGT Medical Library Reference Book 22/02/2010 U.B.S. DELHI 1344.00 I SGTU 28241   610.7 E03W FM2200 09/02/2015 31/03/2011 Books